000 00280nam a2200121Ia 4500
008 211105s9999 xx 000 0 und d
020 _aVYASA07827
100 _aDigambaramahapatra
245 0 _aManassasandesham
250 _a1st
260 _bMotilal Banarsidass
_c\N
300 _a38
999 _c9852
_d9852